[Event "SBDU-ch"]
[Site "Duisburg"]
[Date "2011.11.04"]
[Round "5"]
[White "Hamm, Siegfried"]
[Black "Waschkewitz, Stefan"]
[Result "0-1"]
[WhiteElo "1609"]
[BlackElo "1789"]
[PlyCount "50"]
[EventDate "2011.09.09"]
[EventType "swiss"]
[EventRounds "7"]
[EventCountry "GER"]
[SourceTitle "EXT 2015"]
[Source "ChessBase"]
[SourceDate "2014.11.20"]
[SourceVersion "1"]
[SourceVersionDate "2014.11.20"]
[SourceQuality "1"]

1. e4 d5 2. exd5 Nf6 3. c4 c6 4. d4 cxd5 5. Nc3 Nc6 6. Nf3 Bg4 7. Be3 e6 8. Be2 dxc4 9. Bxc4 Bb4 10. 0-0 Qa5 11. Rc1 Rd8 12. Be2 0-0 13. a3 Be7 14. Na4 e5 15. b4 Qd5 16. dxe5 Nxe5 17. Nd4 Qe4 18. Bxg4 Nfxg4 19. Nc3 Qg6 20. Qe2 Rfe8 21. Nf3 Nd3 22. Rcd1 Bf6 23. Nb5 Nf4 24. Qa2 Nxh2 25. g3 Nxf3+ 0-1

[Event "SBDU-ch"]
[Site "Duisburg"]
[Date "2011.10.21"]
[Round "4"]
[White "Hamm, Siegfried"]
[Black "Fehmers, Werner"]
[Result "1/2-1/2"]
[WhiteElo "1609"]
[BlackElo "1847"]
[PlyCount "46"]
[EventDate "2011.09.09"]
[EventType "swiss"]
[EventRounds "7"]
[EventCountry "GER"]
[SourceTitle "EXT 2015"]
[Source "ChessBase"]
[SourceDate "2014.11.20"]
[SourceVersion "1"]
[SourceVersionDate "2014.11.20"]
[SourceQuality "1"]

1. e4 d5 2. exd5 Qxd5 3. Nc3 Qa5 4. h3 c6 5. Nf3 Nf6 6. d4 Bf5 7. Bd2 Qb6 8. Bc1 e6 9. a3 Nbd7 10. Bd3 Bxd3 11. Qxd3 Bd6 12. 0-0 0-0 13. b4 Rad8 14. Bg5 h6 15. Be3 Qc7 16. b5 c5 17. Ne4 c4 18. Nxf6+ Nxf6 19. Qd2 Ne4 20. Qc1 Nc3 21. Re1 Kh7 22. a4 Nd5 23. c3 Bf4 1/2-1/2

[Event "Goch op 22nd"]
[Site "Goch"]
[Date "2011.10.01"]
[Round "5"]
[White "Hulshof, Peter"]
[Black "Hamm, Siegfried"]
[Result "1-0"]
[WhiteElo "2206"]
[BlackElo "1954"]
[PlyCount "59"]
[EventDate "2011.09.29"]
[EventType "swiss"]
[EventRounds "7"]
[EventCountry "GER"]
[SourceTitle "EXT 2014"]
[Source "ChessBase"]
[SourceDate "2013.11.20"]
[SourceVersion "1"]
[SourceVersionDate "2013.11.20"]
[SourceQuality "1"]

1. e4 c5 2. Nc3 Nc6 3. g3 g6 4. Bg2 Bg7 5. d3 Nf6 6. h3 0-0 7. Be3 d6 8. Qd2 Rb8 9. f4 e6 10. Nf3 b5 11. a3 a5 12. 0-0 Nd7 13. Rae1 Nd4 14. Nh2 Nf6 15. Nd1 b4 16. axb4 axb4 17. c3 bxc3 18. bxc3 Nb3 19. Qc2 Bd7 20. g4 Qa5 21. f5 exf5 22. exf5 gxf5 23. gxf5 Ba4 24. Qf2 Na1 25. Qh4 Nc2 26. Bh6 Nxe1 27. Bxg7 Kxg7 28. Qg5+ Kh8 29. Qxf6+ Kg8 30. Ng4 1-0

[Event "Goch op 21st"]
[Site "Goch"]
[Date "2010.10.02"]
[Round "5"]
[White "Hamm, Siegfried"]
[Black "Gross, Karl"]
[Result "0-1"]
[WhiteElo "1919"]
[BlackElo "2096"]
[PlyCount "52"]
[EventDate "2010.09.30"]
[EventType "swiss"]
[EventRounds "7"]
[EventCountry "GER"]
[SourceTitle "EXT 2012"]
[Source "ChessBase"]
[SourceDate "2011.11.24"]
[SourceVersion "1"]
[SourceVersionDate "2011.11.24"]
[SourceQuality "1"]

1. e4 g6 2. d4 Bg7 3. f4 d5 4. e5 h5 5. Nf3 Nh6 6. Bd3 Bf5 7. c3 e6 8. Na3 0-0 9. Be3 Nd7 10. Nc2 Rc8 11. h3 h4 12. Bf2 Bxd3 13. Qxd3 Nf5 14. Ne3 Nxe3 15. Qxe3 c5 16. Bxh4 cxd4 17. Qxd4 Qa5 18. 0-0 Rc4 19. Qe3 Re4 20. Qd2 Qa6 21. Nd4 Nxe5 22. b3 Nc6 23. Rfe1 Nxd4 24. Rxe4 Nxb3 25. Qb2 Nxa1 26. Re2 Qd3 0-1

[Event "Goch op 21st"]
[Site "Goch"]
[Date "2010.09.30"]
[Round "1"]
[White "Hamm, Siegfried"]
[Black "Frericks, Harald"]
[Result "0-1"]
[WhiteElo "1919"]
[BlackElo "2288"]
[PlyCount "44"]
[EventDate "2010.09.30"]
[EventType "swiss"]
[EventRounds "7"]
[EventCountry "GER"]
[SourceTitle "EXT 2012"]
[Source "ChessBase"]
[SourceDate "2011.11.24"]
[SourceVersion "1"]
[SourceVersionDate "2011.11.24"]
[SourceQuality "1"]

1. e4 e5 2. Nf3 Nc6 3. d4 exd4 4. Bc4 Nf6 5. e5 d5 6. exf6 dxc4 7. 0-0 Qxf6 8. Re1+ Be6 9. Bg5 Qf5 10. Nbd2 h6 11. Bh4 g5 12. Bg3 0-0-0 13. Ne5 Nxe5 14. Rxe5 Qg6 15. Ra5 a6 16. Nf3 Bb4 17. Ra4 Bd6 18. Ne5 Bxe5 19. Bxe5 Rhe8 20. Ra5 Qe4 21. Qd2 Bd5 22. Re1 Qxg2# 0-1

[Event "Duisburg SBDU-ch"]
[Site "Duisburg Wohndorf Laar"]
[Date "2009.11.19"]
[Round "6"]
[White "Hamm, Siegfried"]
[Black "Leers Fischer, Hans"]
[Result "0-1"]
[WhiteElo "1658"]
[BlackElo "1941"]
[PlyCount "86"]
[EventDate "2009.09.11"]
[EventType "swiss"]
[EventRounds "7"]
[EventCountry "GER"]
[SourceTitle "EXT 2018"]
[Source "ChessBase"]
[SourceDate "2017.10.13"]
[SourceVersion "1"]
[SourceVersionDate "2017.10.13"]
[SourceQuality "1"]

1. e4 d6 2. d4 Nf6 3. Bd3 g6 4. f4 Bg7 5. Nf3 0-0 6. 0-0 c5 7. c3 Nc6 8. d5 Na5 9. Nbd2 c4 10. Bc2 e6 11. e5 dxe5 12. fxe5 Ng4 13. dxe6 Ne3 14. Qe2 Nxf1 15. Qxf1 fxe6 16. Nxc4 Nxc4 17. Qxc4 Qb6+ 18. Kh1 Qf2 19. Be4 Rb8 20. Bg5 b5 21. Qd3 Bb7 22. Be3 Bxe4 23. Qxe4 Qxb2 24. Rb1 Qxa2 25. h4 Rf5 26. Rd1 Qc4 27. Bd4 Rbf8 28. Ra1 R5f7 29. h5 Rf4 30. Qb7 R4f7 31. Qe4 Rf5 32. hxg6 hxg6 33. Rxa7 Qf1+ 34. Kh2 Rh5+ 35. Kg3 Rhf5 36. Rxg7+ Kxg7 37. Bf2 Qc4 38. Qe3 Rf4 39. Kh2 Qf1 40. Bg1 Rxf3 41. gxf3 Rxf3 42. Bf2 Rxf2+ 43. Qxf2 Qxf2+ 0-1

[Event "Duisburg SBDU-ch"]
[Site "Duisburg Wohndorf Laar"]
[Date "2009.11.06"]
[Round "5"]
[White "Waschkewitz, Stefan"]
[Black "Hamm, Siegfried"]
[Result "1/2-1/2"]
[WhiteElo "1688"]
[BlackElo "1658"]
[PlyCount "91"]
[EventDate "2009.09.11"]
[EventType "swiss"]
[EventRounds "7"]
[EventCountry "GER"]
[SourceTitle "EXT 2018"]
[Source "ChessBase"]
[SourceDate "2017.10.13"]
[SourceVersion "1"]
[SourceVersionDate "2017.10.13"]
[SourceQuality "1"]

1. Nc3 d5 2. e4 dxe4 3. Nxe4 Nc6 4. Bc4 Nf6 5. Nxf6+ gxf6 6. Qh5 e6 7. Nf3 Bd7 8. d4 Qe7 9. Bd2 0-0-0 10. 0-0-0 Be8 11. Bf4 Qb4 12. Bd3 Qa4 13. Qb5 Nxd4 14. Qxa4 Bxa4 15. Nxd4 Rxd4 16. Be3 Rg4 17. g3 a6 18. Be2 Rgg8 19. Rd4 Bc6 20. Rhd1 Bd6 21. Rh4 f5 22. Bd3 Rg4 23. Rh5 Bf3 24. Re1 Ra4 25. Rh6 Rxa2 26. Bd4 Ra1+ 27. Kd2 Rxe1 28. Kxe1 e5 29. Bxf5+ Kd8 30. Be3 Be7 31. Rxh7 Rxh7 32. Bxh7 Ke8 33. Kd2 c5 34. Kd3 b5 35. c4 b4 36. Be4 Bg4 37. f3 Be6 38. h4 f5 39. Bd5 Bd7 40. h5 a5 41. Bh6 Bf6 42. Bc1 Ke7 43. Be3 Kd6 44. Bh6 Ke7 45. Be3 Kd6 46. Bh6 1/2-1/2

[Event "Goch op 20th"]
[Site "Goch"]
[Date "2009.10.03"]
[Round "4"]
[White "Hamm, Siegfried"]
[Black "Steingrueber, Frank"]
[Result "0-1"]
[WhiteElo "1925"]
[BlackElo "1689"]
[PlyCount "42"]
[EventDate "2009.10.01"]
[EventType "swiss"]
[EventRounds "7"]
[EventCountry "GER"]
[SourceTitle "EXT 2011"]
[Source "ChessBase"]
[SourceDate "2010.11.26"]
[SourceVersion "1"]
[SourceVersionDate "2010.11.26"]
[SourceQuality "1"]

1. e4 e6 2. d3 d5 3. Nd2 c5 4. g3 Nf6 5. Bg2 Nc6 6. Ngf3 Be7 7. 0-0 e5 8. Re1 d4 9. h4 Bg4 10. Nf1 Qd7 11. Bg5 h6 12. Bxf6 Bxf6 13. N1h2 Be6 14. Qd2 Rg8 15. c3 0-0-0 16. Rec1 Kb8 17. b4 dxc3 18. Rxc3 cxb4 19. Rxc6 Qxc6 20. d4 Qc3 21. d5 Qxa1+ 0-1

[Event "Goch op 20th"]
[Site "Goch"]
[Date "2009.10.03"]
[Round "5"]
[White "Immel, John Christian"]
[Black "Hamm, Siegfried"]
[Result "0-1"]
[WhiteElo "1466"]
[BlackElo "1925"]
[PlyCount "88"]
[EventDate "2009.10.01"]
[EventType "swiss"]
[EventRounds "7"]
[EventCountry "GER"]
[SourceTitle "EXT 2011"]
[Source "ChessBase"]
[SourceDate "2010.11.26"]
[SourceVersion "1"]
[SourceVersionDate "2010.11.26"]
[SourceQuality "1"]

1. d4 f5 2. c4 Nf6 3. Nc3 e6 4. Nf3 Be7 5. e3 0-0 6. Bd3 b6 7. 0-0 Bb7 8. Re1 Ne4 9. Nd2 Nxc3 10. bxc3 d6 11. e4 f4 12. Qg4 e5 13. a4 Bc8 14. Qe2 a5 15. Ba3 Nd7 16. Nf3 Bf6 17. Rab1 Qe8 18. Qd2 g5 19. dxe5 Nxe5 20. Nxe5 Bxe5 21. Bc2 Be6 22. Bb3 Qf7 23. Qd3 g4 24. Bc1 h5 25. Bd2 h4 26. Rf1 Kh8 27. f3 Rg8 28. fxg4 Rxg4 29. Qf3 Rag8 30. Rf2 R8g7 31. Rb2 Qg8 32. Be1 Rh7 33. c5 Bxb3 34. Rxb3 h3 35. Rbb2 bxc5 36. Rb8 Rxg2+ 37. Rxg2 Qxb8 38. Rg6 Qb1 39. Kf2 Qc2+ 40. Qe2 Qxe2+ 41. Kxe2 f3+ 42. Kxf3 Bxh2 43. Re6 Kg8 44. Re8+ Kf7 0-1

[Event "Goch op 20th"]
[Site "Goch"]
[Date "2009.10.01"]
[Round "1"]
[White "Feige, Manuel"]
[Black "Hamm, Siegfried"]
[Result "1-0"]
[WhiteElo "2417"]
[BlackElo "1925"]
[PlyCount "85"]
[EventDate "2009.10.01"]
[EventType "swiss"]
[EventRounds "7"]
[EventCountry "GER"]
[SourceTitle "EXT 2011"]
[Source "ChessBase"]
[SourceDate "2010.11.26"]
[SourceVersion "1"]
[SourceVersionDate "2010.11.26"]
[SourceQuality "1"]

1. d4 f5 2. g3 Nf6 3. Bg2 e6 4. Nf3 Be7 5. 0-0 0-0 6. c4 d6 7. b3 Qe8 8. Bb2 a5 9. Nc3 c6 10. Qc2 d5 11. Ne5 Nbd7 12. Nd3 g5 13. f3 Qg6 14. Rae1 Bd6 15. e4 Nh5 16. e5 Be7 17. f4 g4 18. cxd5 cxd5 19. Nb5 Ra6 20. Qd2 Nb8 21. Rc1 Nc6 22. Nc5 Bxc5 23. Rxc5 Ng7 24. Nd6 Rd8 25. Rfc1 Ne8 26. Nxc8 Rxc8 27. Bf1 Raa8 28. Bb5 Ne7 29. Rxc8 Nxc8 30. Qc3 Qf7 31. Qxc8 Rxc8 32. Rxc8 Kg7 33. Bxe8 Qe7 34. a3 h5 35. Kf2 h4 36. Ke1 hxg3 37. hxg3 b5 38. Bxb5 Qb7 39. Rc5 Kf8 40. Bc3 Qa7 41. a4 Qf7 42. Kf2 Qh5 43. Kg1 1-0

[Event "Goch op 19th"]
[Site "Goch"]
[Date "2008.10.12"]
[Round "7"]
[White "Hamm, Siegfried"]
[Black "Herms, Stefan"]
[Result "1/2-1/2"]
[WhiteElo "1943"]
[BlackElo "1692"]
[PlyCount "41"]
[EventDate "2008.10.09"]
[EventType "swiss"]
[EventRounds "7"]
[EventCountry "GER"]
[SourceTitle "EXT 2011"]
[Source "ChessBase"]
[SourceDate "2010.11.26"]
[SourceVersion "1"]
[SourceVersionDate "2010.11.26"]
[SourceQuality "1"]

1. e4 e6 2. d3 b6 3. Nf3 Bb7 4. g3 d6 5. Bg2 Nd7 6. 0-0 Ngf6 7. Re1 Be7 8. Nc3 0-0 9. Bg5 h6 10. Bf4 e5 11. Be3 Ng4 12. Bd2 Ngf6 13. h4 Nh7 14. Nh2 f5 15. exf5 Bxg2 16. Kxg2 Rxf5 17. Ng4 Rf8 18. Nd5 Ndf6 19. Ndxf6+ Nxf6 20. c3 Qd7 21. Nxf6+ 1/2-1/2

[Event "Goch op 19th"]
[Site "Goch"]
[Date "2008.10.09"]
[Round "1"]
[White "Hamm, Siegfried"]
[Black "Krivonosov, Oleg"]
[Result "0-1"]
[WhiteElo "1943"]
[BlackElo "2415"]
[PlyCount "72"]
[EventDate "2008.10.09"]
[EventType "swiss"]
[EventRounds "7"]
[EventCountry "GER"]
[SourceTitle "EXT 2011"]
[Source "ChessBase"]
[SourceDate "2010.11.26"]
[SourceVersion "1"]
[SourceVersionDate "2010.11.26"]
[SourceQuality "1"]

1. e4 e5 2. Nf3 Nc6 3. d4 exd4 4. c3 d5 5. exd5 Qxd5 6. cxd4 Bg4 7. Nc3 Bb4 8. Be2 Bxf3 9. Bxf3 Qc4 10. Bd2 Nge7 11. Be2 Qxd4 12. 0-0 0-0-0 13. Be3 Qxd1 14. Nxd1 Nd5 15. a3 Ba5 16. Bc1 Rhe8 17. Bg4+ Kb8 18. b4 Bb6 19. Bb2 Bd4 20. Bf3 Bxb2 21. Nxb2 Nd4 22. Bxd5 Rxd5 23. Nc4 Kc8 24. Ne3 Rde5 25. Rfd1 Nf5 26. Nc4 R5e7 27. Rac1 Rd7 28. Rf1 Rd3 29. a4 Re4 30. b5 Nd6 31. b6 axb6 32. Nxb6+ Kd8 33. Na8 Nc4 34. a5 Ra3 35. Rfd1+ Kc8 36. g3 Rxa5 0-1

[Event "Rheinhausen-ch 12th"]
[Site "Duisburg Rheinhausen"]
[Date "2008.02.15"]
[Round "5"]
[White "Kirchner, Stefan1111"]
[Black "Hamm, Siegfried"]
[Result "1/2-1/2"]
[WhiteElo "1556"]
[BlackElo "1769"]
[PlyCount "87"]
[EventDate "2008.01.11"]
[EventType "swiss"]
[EventRounds "7"]
[EventCountry "GER"]
[SourceTitle "EXT 2018"]
[Source "ChessBase"]
[SourceDate "2017.10.13"]
[SourceVersion "1"]
[SourceVersionDate "2017.10.13"]
[SourceQuality "1"]

1. e4 c6 2. d4 d5 3. exd5 cxd5 4. Nc3 Nf6 5. Nf3 Bf5 6. Bd3 Bxd3 7. Qxd3 Nc6 8. 0-0 e6 9. Re1 Be7 10. Qb5 Qc8 11. Ne5 0-0 12. Nxc6 bxc6 13. Qd3 Re8 14. Bg5 h6 15. Bh4 Qc7 16. Bg3 Bd6 17. Re3 Rab8 18. b3 Bxg3 19. Rxg3 c5 20. dxc5 Qxc5 21. Qf3 Kh8 22. Rh3 Qe7 23. Rd1 Red8 24. Rd4 Nh7 25. Qh5 Qg5 26. Qxg5 Nxg5 27. Rg3 Nh7 28. Rgd3 Rbc8 29. Ra4 Rd7 30. Kf1 Nf6 31. Ke2 d4 32. Nb5 Rxc2+ 33. Rd2 Rxd2+ 34. Kxd2 Ne4+ 35. Ke1 e5 36. Rxa7 Rd5 37. f3 Nc3 38. Nxc3 dxc3 39. Rc7 Rd2 40. Rxc3 Rxa2 41. Kf1 Rb2 42. Rc8+ Kh7 43. Rb8 Kg6 44. b4 1/2-1/2

[Event "Rheinhausen-ch 12th"]
[Site "Duisburg Rheinhausen"]
[Date "2008.02.08"]
[Round "4"]
[White "Hamm, Siegfried"]
[Black "Stermann, Sebastian"]
[Result "1-0"]
[WhiteElo "1769"]
[BlackElo "1521"]
[PlyCount "33"]
[EventDate "2008.01.11"]
[EventType "swiss"]
[EventRounds "7"]
[EventCountry "GER"]
[SourceTitle "EXT 2018"]
[Source "ChessBase"]
[SourceDate "2017.10.13"]
[SourceVersion "1"]
[SourceVersionDate "2017.10.13"]
[SourceQuality "1"]

1. e4 d6 2. f4 g6 3. d4 Bg7 4. Nf3 Nf6 5. e5 dxe5 6. fxe5 Nd5 7. Bc4 0-0 8. 0-0 Nc6 9. c3 Bf5 10. Nh4 Be6 11. Qd3 Na5 12. Bb3 b6 13. Nd2 g5 14. Bxd5 Bxd5 15. Nf5 f6 16. Nxg7 Kxg7 17. b4 1-0

[Event "Goch op 18th"]
[Site "Goch"]
[Date "2007.10.06"]
[Round "5"]
[White "Hamm, Siegfried"]
[Black "Krueger, Norbert"]
[Result "1/2-1/2"]
[WhiteElo "1749"]
[BlackElo "2153"]
[PlyCount "57"]
[EventDate "2007.10.04"]
[EventType "swiss"]
[EventRounds "7"]
[EventCountry "GER"]
[SourceTitle "EXT 2011"]
[Source "ChessBase"]
[SourceDate "2010.11.26"]
[SourceVersion "1"]
[SourceVersionDate "2010.11.26"]
[SourceQuality "1"]

1. e4 c5 2. Nf3 e6 3. d4 cxd4 4. c3 dxc3 5. Nxc3 Nc6 6. Bc4 d6 7. 0-0 Be7 8. Qe2 Nf6 9. Rd1 Bd7 10. Bf4 e5 11. Be3 0-0 12. Rac1 a6 13. a4 Rc8 14. h3 Be6 15. Bxe6 fxe6 16. b4 Nxb4 17. Nxe5 d5 18. exd5 Nbxd5 19. Nxd5 Nxd5 20. Qg4 Rf5 21. Bb6 Qe8 22. Nc4 Rc6 23. Bd4 Nf6 24. Qe2 Bc5 25. Bxc5 Rfxc5 26. Nd6 Qe7 27. Rxc5 Rxc5 28. Nxb7 Rc6 29. Nd8 1/2-1/2

[Event "Goch op 18th"]
[Site "Goch"]
[Date "2007.10.05"]
[Round "2"]
[White "Baier, Peter"]
[Black "Hamm, Siegfried"]
[Result "0-1"]
[WhiteElo "1223"]
[BlackElo "1749"]
[PlyCount "64"]
[EventDate "2007.10.04"]
[EventType "swiss"]
[EventRounds "7"]
[EventCountry "GER"]
[SourceTitle "EXT 2011"]
[Source "ChessBase"]
[SourceDate "2010.11.26"]
[SourceVersion "1"]
[SourceVersionDate "2010.11.26"]
[SourceQuality "1"]

1. e4 c6 2. Nf3 d5 3. exd5 cxd5 4. d4 Bg4 5. Be2 Nc6 6. 0-0 Qc7 7. Nc3 e6 8. Bg5 a6 9. Qd2 Be7 10. Bf4 Bd6 11. Bxd6 Qxd6 12. Qg5 Bxf3 13. Bxf3 g6 14. Rad1 Nge7 15. a3 0-0 16. Ne2 Nf5 17. c3 Na5 18. g4 h6 19. Qf6 Qe7 20. Qe5 Nc6 21. Qf4 g5 22. Qd2 Nh4 23. Qe3 f5 24. gxf5 Rxf5 25. Bg4 Rf6 26. Ng3 Raf8 27. Nh5 Rg6 28. Rde1 Nd8 29. Qg3 Nf5 30. Bxf5 Rxf5 31. f4 Qf7 32. Re5 gxf4 0-1

[Event "Rheinhausen-ch 10th"]
[Site "Duisburg Rheinhausen"]
[Date "2006.03.31"]
[Round "7.7"]
[White "Hamm, Siegfried"]
[Black "Remek, Uwe"]
[Result "0-1"]
[WhiteElo "1666"]
[BlackElo "1673"]
[PlyCount "63"]
[EventDate "2006.01.06"]
[EventType "swiss"]
[EventRounds "7"]
[EventCountry "GER"]
[SourceTitle "EXT 2007"]
[Source "ChessBase"]
[SourceDate "2006.11.23"]
[SourceVersion "1"]
[SourceVersionDate "2006.11.23"]
[SourceQuality "1"]

1. e4 g6 2. d4 Bg7 3. c4 d6 4. Nc3 Nf6 5. Be2 0-0 6. f4 c5 7. d5 e6 8. Nf3 exd5 9. exd5 Re8 10. 0-0 Ne4 11. Nxe4 Rxe4 12. Bd3 Re8 13. Qc2 f5 14. Bd2 Nd7 15. Rae1 Nf6 16. Rxe8+ Nxe8 17. Re1 Bd7 18. Ng5 Nc7 19. Bc3 Qf8 20. b4 b6 21. Qb2 Bxc3 22. Qxc3 cxb4 23. Qxb4 Re8 24. Rxe8 Qxe8 25. Kf2 Qe7 26. Nf3 Na6 27. Qa3 Nc5 28. Bc2 Bc8 29. Nd4 Ba6 30. Bb3 Nd3+ 31. Kg3 Qe3+ 32. Nf3 0-1